Návrh nízkopríkonového rekonfigurovateľného FIR filtra v HDL jazyku

Saved in:
Bibliographic Details
Main Author: Bagín, Richard (Author)
Other Authors: Nagy, Lukáš (Thesis advisor)
Format: Manuscript Book
Language:Slovak
Published: 2025
Subjects:
Online Access:http://is.stuba.sk/zp/portal_zp.pl?podrobnosti=184523
Tags: Add Tag
No Tags, Be the first to tag this record!

MARC

LEADER 00000ntm a22000003a 4500
001 stuzp99709
003 SK-STU
005 20250614210653.7
007 ta
008 150427s2015----xo-----f-mn---000-0-slo-d
040 |a STU  |b slo 
041 0 |a slo 
100 1 |a Bagín, Richard  |u 033000  |4 aut  |U FEI Fakulta elektrotechniky a informatiky  |T FEI Ústav elektroniky a fotoniky  |X 111062  |U E030  |Y 549  |7 111062 
242 0 1 |a Design of low-power reconfigurable FIR filter in HDL language  |y eng 
245 1 0 |a Návrh nízkopríkonového rekonfigurovateľného FIR filtra v HDL jazyku 
260 |c 2025 
650 4 |a MATLAB  |2 eng 
650 4 |a DfT  |2 eng 
650 4 |a SystemVerilog  |2 eng 
650 4 |a HDL  |2 eng 
650 4 |a IEEE-754  |2 eng 
650 4 |a adaptive filters  |2 eng 
650 4 |a low-power ASIC  |2 eng 
650 4 |a FIR filter  |2 eng 
650 4 |a DfT  |2 slo 
650 4 |a nízkopríkonové ASIC  |2 slo 
650 4 |a SystemVerilog  |2 slo 
650 4 |a HDL  |2 slo 
650 4 |a IEEE-754  |2 slo 
650 4 |a adaptívne filtre  |2 slo 
650 4 |a FIR filter  |2 slo 
650 4 |a MATLAB  |2 slo 
700 1 |a Nagy, Lukáš  |u 033000  |k Z1  |4 ths  |U FEI Fakulta elektrotechniky a informatiky  |T FEI Ústav elektroniky a fotoniky  |X 12020  |U E030  |Y 549  |7 A000012020 
856 4 |u http://is.stuba.sk/zp/portal_zp.pl?podrobnosti=184523